Central Library OPAC University of Rajshahi

The Heptameron : (Record no. 22073)

MARC details
000 -LEADER
fixed length control field 00856nam a2200265 a 4500
001 - CONTROL NUMBER
control field 22073
003 - CONTROL NUMBER IDENTIFIER
rucl marc code BD-RjUL
005 - DATE AND TIME OF LATEST TRANSACTION
control field 20211209000749.0
008 - FIXED-LENGTH DATA ELEMENTS--GENERAL INFORMATION
fixed length control field 140306s1944 ii 000 1 eng d
035 ## - SYSTEM CONTROL NUMBER
System control number (BD-RjUL)22138
040 ## - CATALOGING SOURCE
Original cataloging agency DLC
Transcribing agency DLC
Modifying agency DLC
-- BD-RjUL
Language of cataloging eng
041 1# - LANGUAGE CODE
Language code of text/sound track or separate title engfrm
082 00 - DEWEY DECIMAL CLASSIFICATION NUMBER
Classification number 843.3
Edition number 19
Author mark and year MAH 1944
100 1# - MAIN ENTRY--PERSONAL NAME
Personal name Marguerite,
Dates associated with a name 1492-1549.
9 (RLIN) 68167
245 14 - TITLE STATEMENT
Title The Heptameron :
Remainder of title queen of navarre /
Statement of responsibility, etc. Marguerite de Navarre.
260 ## - PUBLICATION, DISTRIBUTION, ETC. (IMPRINT)
Place of publication, distribution, etc. Calcutta :
Name of publisher, distributor, etc. Susil Gupta,
Date of publication, distribution, etc. 1944.
300 ## - PHYSICAL DESCRIPTION
Pagination Xii, 471 p. ;
Size 20 cm.
650 #0 - SUBJECT ADDED ENTRY--TOPICAL TERM
Topical term or geographic name as entry element Love stories, French
General subdivision Translations into English.
9 (RLIN) 68169
Topical term or geographic name as entry element Tales
Geographic subdivision France
General subdivision Translations into English.
9 (RLIN) 68170
942 ## - ADDED ENTRY ELEMENTS (KOHA)
Source of classification or shelving scheme Dewey Decimal Classification
Koha item type Books
Holdings
Lost status Source of classification or shelving scheme Damaged status Not for loan Collection code Permanent Location Current Location Shelving location Date acquired Source of acquisition Total Checkouts Full call number Date last seen Copy number Koha item type
  Dewey Decimal Classification   Added to bundle Fiction Central Library, University of Rajshahi Central Library, University of Rajshahi Reading Room 04/11/1990 Showkat Osman, Gift.   843.3 MAH 1944 06/03/2014 C-1 Books